[Event "Mittelrhein Verbandsliga-O 16/17"]
[Site "Nordrheinwestfalen"]
[Date "2017.02.19"]
[Round "8.4"]
[White "Preiss, Wolfgang"]
[Black "Kneutgen, Alexander"]
[Result "0-1"]
[WhiteElo "1786"]
[BlackElo "1927"]
[PlyCount "40"]
[EventDate "2016.09.11"]
[EventType "team-tourn"]
[EventRounds "11"]
[EventCountry "GER"]
[SourceTitle "EXT 2022"]
[Source "ChessBase"]
[SourceDate "2021.10.06"]
[SourceVersion "1"]
[SourceVersionDate "2021.10.06"]
[SourceQuality "1"]
[WhiteTeam "Bergische SF II"]
[BlackTeam "Niederkassel II"]
[WhiteTeamCountry "GER"]
[BlackTeamCountry "GER"]

1. d4 d5 2. c4 dxc4 3. Nf3 Nf6 4. Nc3 a6 5. a4 Nc6 6. a5 Bg4 7. e3 e5 8. d5 Bxf3 9. gxf3 Ne7 10. Bxc4 Ng6 11. Qb3 Bd6 12. Qxb7 0-0 13. Bxa6 Nd7 14. Qc6 Nc5 15. Bb7 Ra7 16. b4 Ne7 17. Qb5 Rxb7 18. Qc4 Rxb4 19. Qe2 Nb3 20. Rb1 Nxa5 0-1

[Event "Mittelrhein Verbandsliga Ost 1314"]
[Site "Mittelrhein"]
[Date "2013.11.24"]
[Round "4.8"]
[White "Preiss, Wolfgang"]
[Black "Kuhn, Andreas2"]
[Result "0-1"]
[WhiteElo "1719"]
[BlackElo "1818"]
[PlyCount "80"]
[EventDate "2013.09.15"]
[EventType "team-tourn"]
[EventRounds "11"]
[EventCountry "GER"]
[SourceTitle "EXT 2023"]
[Source "ChessBase"]
[SourceDate "2022.10.05"]
[SourceVersion "1"]
[SourceVersionDate "2022.10.05"]
[SourceQuality "1"]
[WhiteTeam "Bergische SF II"]
[BlackTeam "Niederkassel II"]
[WhiteTeamCountry "GER"]
[BlackTeamCountry "GER"]

1. d4 d6 2. c4 Nf6 3. Nc3 g6 4. Nf3 Bg7 5. e4 0-0 6. Be2 Nbd7 7. h3 e5 8. d5 Nc5 9. Nd2 a5 10. Rb1 Bh6 11. Qc2 Bxd2+ 12. Bxd2 Nfxe4 13. Nxe4 Nxe4 14. Qxe4 Bf5 15. Qf3 Bxb1 16. 0-0 Bf5 17. g4 Bd7 18. Bh6 Re8 19. Bd2 f5 20. Qc3 fxg4 21. hxg4 Rf8 22. Bh6 Rf7 23. g5 Bf5 24. Rd1 b6 25. a3 Qd7 26. Bf1 Be4 27. Bh3 Bf5 28. Bg2 Re8 29. b4 axb4 30. axb4 Ra8 31. c5 Qa4 32. Rc1 bxc5 33. bxc5 Qd4 34. Qb3 Bd3 35. cxd6 Qxf2+ 36. Kh1 Qh4+ 37. Kg1 Qd4+ 38. Kh1 Rf4 39. dxc7 Rh4+ 40. Bh3 Be4+ 0-1

[Event "Mittelrhein Verbandsliga Ost 1314"]
[Site "Mittelrhein"]
[Date "2013.10.13"]
[Round "2.8"]
[White "Preiss, Wolfgang"]
[Black "Benesch, Herbert"]
[Result "1/2-1/2"]
[WhiteElo "1719"]
[BlackElo "1658"]
[PlyCount "46"]
[EventDate "2013.09.15"]
[EventType "team-tourn"]
[EventRounds "11"]
[EventCountry "GER"]
[SourceTitle "EXT 2023"]
[Source "ChessBase"]
[SourceDate "2022.10.05"]
[SourceVersion "1"]
[SourceVersionDate "2022.10.05"]
[SourceQuality "1"]
[WhiteTeam "Bergische SF II"]
[BlackTeam "Siegburg"]
[WhiteTeamCountry "GER"]
[BlackTeamCountry "GER"]

1. d4 g6 2. c4 Bg7 3. Nc3 d6 4. e3 e6 5. Bd3 Ne7 6. Nge2 Nd7 7. Rb1 0-0 8. 0-0 a6 9. b4 b6 10. Be4 Rb8 11. Qa4 f5 12. Bf3 e5 13. dxe5 Nxe5 14. Bd5+ Nxd5 15. cxd5 b5 16. Qb3 Nc4 17. Rd1 Qe7 18. a4 Bd7 19. axb5 axb5 20. Nd4 Bxd4 21. Rxd4 Rbe8 22. Qd1 Qe5 23. Qd3 Ra8 1/2-1/2

[Event "Stuttgart-chB int"]
[Site "Ditzingen"]
[Date "2008.05.01"]
[Round "1"]
[White "Carlacci, Umberto"]
[Black "Preiss, Wolfgang"]
[Result "1/2-1/2"]
[WhiteElo "1551"]
[BlackElo "1731"]
[PlyCount "99"]
[EventDate "2008.05.01"]
[EventType "swiss"]
[EventRounds "7"]
[EventCountry "GER"]
[SourceTitle "EXT 2018"]
[Source "ChessBase"]
[SourceDate "2017.10.13"]
[SourceVersion "1"]
[SourceVersionDate "2017.10.13"]
[SourceQuality "1"]

1. d4 Nf6 2. Nf3 d5 3. e3 Bf5 4. c4 c6 5. Qb3 Qc7 6. Nc3 e6 7. cxd5 exd5 8. Be2 Bd6 9. h3 Nbd7 10. Bd2 0-0 11. Rc1 Qb6 12. 0-0 Qxb3 13. axb3 Rfe8 14. Nh4 Be4 15. Nf3 h6 16. Ne1 Bf5 17. Bd3 Be4 18. Nxe4 Nxe4 19. Bc3 Ndf6 20. Nc2 Rac8 21. b4 a6 22. Rfd1 Nd7 23. Be1 Nb6 24. b3 g6 25. Bxe4 Rxe4 26. Bc3 Be7 27. Ne1 f5 28. Nd3 Bg5 29. Ne5 Kg7 30. Bd2 Re8 31. g3 Re7 32. Kg2 Nd7 33. Re1 Nxe5 34. dxe5 d4 35. f4 dxe3 36. Rxe3 Bxf4 37. gxf4 Rxf4 38. Bc3 Kf7 39. Rd1 Rh4 40. Rd6 Re6 41. Rd7+ Re7 42. Red3 Re4 43. Kf3 Rh4 44. Kg3 Re4 45. h4 Rg4+ 46. Kh3 Re4 47. Rd8 Re8 48. R8d4 R8xe5 49. Rd7+ Re7 50. Rxe7+ 1/2-1/2

[Event "Bergisch Gladbach-ch"]
[Site "Bergisch Gladbach"]
[Date "2007.09.18"]
[Round "5"]
[White "Preiss, Wolfgang"]
[Black "Reinemer, Frank"]
[Result "0-1"]
[WhiteElo "1706"]
[BlackElo "2120"]
[PlyCount "106"]
[EventDate "2007.08.24"]
[EventType "swiss"]
[EventRounds "7"]
[EventCountry "GER"]
[SourceTitle "EXT 2011"]
[Source "ChessBase"]
[SourceDate "2010.11.26"]
[SourceVersion "1"]
[SourceVersionDate "2010.11.26"]
[SourceQuality "1"]

1. e4 Nf6 2. e5 Nd5 3. d4 d6 4. Nf3 Bg4 5. Be2 e6 6. 0-0 Be7 7. c4 Nb6 8. Nc3 0-0 9. exd6 cxd6 10. Be3 d5 11. c5 Bxf3 12. Bxf3 Nc8 13. Qb3 Qd7 14. Rfd1 Bf6 15. Rac1 Ne7 16. Be2 Nbc6 17. Bb5 Nf5 18. Ne2 Rfd8 19. Bxc6 bxc6 20. Qc3 Re8 21. f4 Reb8 22. Bf2 h5 23. h3 h4 24. b3 a5 25. g4 hxg3 26. Nxg3 Nxg3 27. Bxg3 Rb5 28. Be1 Qe7 29. Qg3 g6 30. Rc2 Kg7 31. Rh2 a4 32. b4 Rh8 33. h4 Rh5 34. a3 Rb8 35. f5 Rbh8 36. fxg6 fxg6 37. Rg2 Qf7 38. Qf2 Rxh4 39. Kf1 R8h5 40. Ke2 Rf5 41. Qg3 Re4+ 42. Kd2 Bg5+ 43. Kc2 Bh4 44. Qxg6+ Qxg6 45. Rxg6+ Kxg6 46. Bc3 Rf3 47. b5 Re2+ 48. Bd2 Bg5 49. bxc6 Rf8 50. Kd3 Rxd2+ 51. Rxd2 Bxd2 52. Kxd2 Kf5 53. Kc3 Ke4 0-1

[Event "Bergisch Gladbach-ch"]
[Site "Bergisch Gladbach"]
[Date "2007.08.28"]
[Round "2"]
[White "Gutt, Oswald"]
[Black "Preiss, Wolfgang"]
[Result "1/2-1/2"]
[WhiteElo "1866"]
[BlackElo "1706"]
[PlyCount "40"]
[EventDate "2007.08.24"]
[EventType "swiss"]
[EventRounds "7"]
[EventCountry "GER"]
[SourceTitle "EXT 2011"]
[Source "ChessBase"]
[SourceDate "2010.11.26"]
[SourceVersion "1"]
[SourceVersionDate "2010.11.26"]
[SourceQuality "1"]

1. d4 Nf6 2. c4 e6 3. Nc3 d5 4. Bg5 dxc4 5. e4 Be7 6. Nf3 0-0 7. Bxc4 b6 8. Qe2 Bb7 9. Rd1 Nbd7 10. 0-0 Nxe4 11. Nxe4 Bxe4 12. Qxe4 Bxg5 13. Qc6 Bf4 14. Rfe1 Bd6 15. Ne5 Nf6 16. Qf3 Kh8 17. Qh3 Nd5 18. Re4 Nf6 19. Ree1 Nd5 20. Re4 Nf6 1/2-1/2

[Event "Bergisch Gladbach-ch"]
[Site "Bergisch Gladbach"]
[Date "2007.08.24"]
[Round "1"]
[White "Preiss, Wolfgang"]
[Black "Holzke, Siegfried"]
[Result "1-0"]
[WhiteElo "1706"]
[BlackElo "1291"]
[PlyCount "57"]
[EventDate "2007.08.24"]
[EventType "swiss"]
[EventRounds "7"]
[EventCountry "GER"]
[SourceTitle "EXT 2011"]
[Source "ChessBase"]
[SourceDate "2010.11.26"]
[SourceVersion "1"]
[SourceVersionDate "2010.11.26"]
[SourceQuality "1"]

1. e4 e5 2. Nf3 d6 3. Bc4 Bg4 4. h3 Bh5 5. Nc3 Nf6 6. d3 a6 7. Be3 Nc6 8. a3 Nd4 9. g4 Nxf3+ 10. Qxf3 Bg6 11. 0-0-0 b5 12. Bb3 c6 13. d4 exd4 14. Bxd4 Be7 15. e5 Nd7 16. e6 Nf6 17. exf7+ Bxf7 18. Bxf7+ Kxf7 19. g5 c5 20. Bxc5 Qc7 21. gxf6 Bxf6 22. Bxd6 Qc8 23. Qd5+ Qe6 24. Qb7+ Kg6 25. Rhg1+ Bg5+ 26. Rxg5+ Kxg5 27. Rg1+ Kh6 28. Qxg7+ Kh5 29. Qg5# 1-0

[Event "Bergisch Gladbach-ch"]
[Site "Bergisch Gladbach"]
[Date "2005.09.23"]
[Round "5"]
[White "Preiss, Wolfgang"]
[Black "Fieberg, Christoph"]
[Result "1/2-1/2"]
[WhiteElo "1801"]
[BlackElo "1781"]
[PlyCount "103"]
[EventDate "2005.08.26"]
[EventType "swiss"]
[EventRounds "7"]
[EventCountry "GER"]
[SourceTitle "CBM 108 Extra"]
[Source "ChessBase"]
[SourceDate "2005.11.04"]
[SourceVersion "1"]
[SourceVersionDate "2005.11.04"]
[SourceQuality "1"]

1. d4 d6 2. c4 e5 3. d5 f5 4. e3 Nf6 5. Nc3 g6 6. Be2 Bg7 7. Nf3 0-0 8. 0-0 Kh8 9. Qc2 c5 10. dxc6 bxc6 11. Rd1 Qe7 12. b3 d5 13. cxd5 cxd5 14. Nxd5 Nxd5 15. Rxd5 Bb7 16. Rc5 Bxf3 17. gxf3 Nd7 18. Rc7 Qg5+ 19. Kh1 Nb6 20. Ba3 Rfc8 21. Rc1 h5 22. Ba6 Re8 23. Rf7 h4 24. Rg1 Qh5 25. Be2 Rec8 26. Qb2 Qh6 27. Bd6 Re8 28. Be7 Kg8 29. Bg5 Qh7 30. Rc7 Rf8 31. Qa3 Rfe8 32. Rxa7 Bf8 33. Rxh7 Rxa3 34. Rb7 Rxa2 35. Bf6 Be7 36. Bxe7 Rxe2 37. Bxh4 Re6 38. Ra1 Nc8 39. Rb8 Rc6 40. Raa8 Rec2 41. b4 Kf7 42. b5 R6c4 43. b6 Rxh4 44. Rxc8 Rxf2 45. Rc7+ Kf6 46. Rc6+ Kg5 47. f4+ exf4 48. exf4+ Rhxf4 49. Ra1 Rf1+ 50. Rxf1 Rxf1+ 51. Kg2 Rb1 52. Kf3 1/2-1/2

[Event "Bergisch Gladbach-ch 26th"]
[Site "Bergisch Gladbach"]
[Date "2004.10.15"]
[Round "7"]
[White "Kruppa, Wolfgang"]
[Black "Preiss, Wolfgang"]
[Result "0-1"]
[WhiteElo "1740"]
[BlackElo "1755"]
[PlyCount "64"]
[EventDate "2004.09.??"]
[EventType "swiss"]
[EventRounds "7"]
[EventCountry "GER"]
[SourceTitle "EXT 2005"]
[Source "ChessBase"]
[SourceDate "2004.11.15"]
[SourceVersion "1"]
[SourceVersionDate "2004.11.15"]
[SourceQuality "1"]

1. c4 e6 2. Nc3 d5 3. cxd5 exd5 4. d4 Nf6 5. g3 Bf5 6. Bg2 c6 7. e3 Be7 8. Nge2 0-0 9. 0-0 Nbd7 10. h3 h6 11. g4 Bh7 12. Ng3 Qc7 13. f4 Rae8 14. Qf3 Bd6 15. h4 Ne4 16. Ngxe4 dxe4 17. Qe2 f5 18. g5 hxg5 19. hxg5 Bg6 20. Bd2 Kf7 21. Qc4+ Ke7 22. Qe6+ Kxe6 23. Rac1 Qb6 24. b3 Rh8 25. Rfd1 Rh7 26. Be1 Kf7 27. Na4 Qa6 28. Kf2 Reh8 29. Rc2 Bh5 30. Rdc1 Bf3 31. Bxf3 exf3 32. Kxf3 Qf1+ 0-1

[Event "Bergisch Gladbach-ch 26th"]
[Site "Bergisch Gladbach"]
[Date "2004.10.08"]
[Round "6"]
[White "Preiss, Wolfgang"]
[Black "Raabe, Joachim"]
[Result "0-1"]
[WhiteElo "1755"]
[BlackElo "1839"]
[PlyCount "44"]
[EventDate "2004.09.??"]
[EventType "swiss"]
[EventRounds "7"]
[EventCountry "GER"]
[SourceTitle "EXT 2005"]
[Source "ChessBase"]
[SourceDate "2004.11.15"]
[SourceVersion "1"]
[SourceVersionDate "2004.11.15"]
[SourceQuality "1"]

1. e4 c5 2. Nf3 d6 3. d4 cxd4 4. Nxd4 Nf6 5. Nc3 g6 6. Be2 Bg7 7. 0-0 0-0 8. b3 Nc6 9. Bb2 Bd7 10. Rb1 a6 11. Nxc6 Bxc6 12. f3 Rc8 13. Nd5 e6 14. Nxf6+ Bxf6 15. Bxf6 Qxf6 16. Qxd6 Rfd8 17. Qg3 Rd2 18. Bd3 Qd4+ 19. Kh1 Bb5 20. Qe1 Rcxc2 21. Bxc2 Bxf1 22. Rd1 Bxg2# 0-1

[Event "Bergisch Gladbach-ch 26th"]
[Site "Bergisch Gladbach"]
[Date "2004.09.01"]
[Round "2"]
[White "Preiss, Wolfgang"]
[Black "Braeutigam, Rainer"]
[Result "0-1"]
[WhiteElo "1755"]
[BlackElo "1865"]
[PlyCount "72"]
[EventDate "2004.09.??"]
[EventType "swiss"]
[EventRounds "7"]
[EventCountry "GER"]
[SourceTitle "EXT 2005"]
[Source "ChessBase"]
[SourceDate "2004.11.15"]
[SourceVersion "1"]
[SourceVersionDate "2004.11.15"]
[SourceQuality "1"]

1. d4 Nf6 2. Nf3 d5 3. c4 e6 4. e3 Be7 5. Be2 0-0 6. 0-0 a6 7. a4 c6 8. c5 a5 9. Qc2 Na6 10. Bd2 b6 11. cxb6 Qxb6 12. Rc1 Bb7 13. Nc3 Nb4 14. Qb3 Ba6 15. Bxa6 Qxa6 16. Qd1 Rab8 17. Ne1 Rb6 18. f3 Rfb8 19. Qe2 Qa7 20. Nd1 Nd7 21. Nd3 Nxd3 22. Qxd3 Rb3 23. Rc3 Rxc3 24. Qxc3 Bb4 25. Qc2 c5 26. Bxb4 Rxb4 27. dxc5 Rc4 28. Nc3 Qxc5 29. Qd2 f5 30. Rc1 f4 31. Kf2 d4 32. Ke2 fxe3 33. Qd1 Nf6 34. Na2 Nd5 35. Rxc4 Qxc4+ 36. Qd3 Nf4+ 0-1